[Event "General Pico op"]
[Site "General Pico"]
[Date "2019.04.07"]
[Round "5"]
[White "Acevedo, Fernando"]
[Black "Carrizo, Victor"]
[Result "1-0"]
[WhiteElo "1801"]
[BlackElo "1557"]
[PlyCount "67"]
[EventDate "2019.04.05"]
[EventType "swiss"]
[EventRounds "6"]
[EventCountry "ARG"]
[SourceTitle "CBM 190 Extra"]
[Source "ChessBase"]
[SourceDate "2019.07.15"]
[SourceVersion "1"]
[SourceVersionDate "2019.07.15"]
[SourceQuality "1"]

1. d4 Nf6 2. Nf3 g6 3. Bf4 Bg7 4. e3 0-0 5. Be2 d6 6. h3 c5 7. c3 Nc6 8. 0-0 b6 9. Nbd2 Bb7 10. a4 cxd4 11. exd4 Rc8 12. Re1 Re8 13. Nc4 Ba6 14. d5 Nb8 15. Ne3 Bxe2 16. Rxe2 Qd7 17. Qd3 Rc5 18. Ra3 Qb7 19. Rd2 Rec8 20. b4 R5c7 21. c4 Na6 22. Rb3 Nh5 23. Bh2 Bh6 24. Rc2 Bxe3 25. fxe3 Nf6 26. e4 Nb8 27. c5 Qa6 28. b5 Qxa4 29. Rc4 Qa1+ 30. Rb1 Qa2 31. c6 a6 32. Nd4 a5 33. Rbc1 a4 34. R4c2 1-0